Sports Quiz

Random Sports Quiz

Baseball America's Top 10 Prospects - 1991-2018 Quiz Stats

 Plays Quiz not verified by Sporcle

Challenge
Share
Tweet
Embed
Score 0/280 Timer 20:00
0 Plays Today
Year Player % Correct
2018Vladimir Guerrero Jr.
94.4%
2015Kris Bryant
89%
2017Alex Reyes
88.9%
2017Cody Bellinger
88.9%
2012Bryce Harper
88.7%
2015Corey Seager
87.7%
2016Corey Seager
87.7%
2005Joe Mauer
86.2%
2004Joe Mauer
86.2%
2003Joe Mauer
86.2%
2002Joe Mauer
86.2%
2017Andrew Benintendi
86.1%
2018Ronald Acuna
86.1%
2018Shohei Ohtani
86.1%
2017Yoan Moncada
86.1%
2010Jason Heyward
85.5%
2009Jason Heyward
85.5%
2010Stephen Strasburg
85.4%
2007Evan Longoria
85.3%
2008Evan Longoria
85.3%
2012Mike Trout
85.1%
2008David Price
84.9%
2009David Price
84.9%
2015Byron Buxton
83.9%
2016Byron Buxton
83.9%
2017Dansby Swanson
83.3%
2018Gleyber Torres
83.3%
2017Gleyber Torres
83.3%
2009Matt Wieters
83%
2015Carlos Correa
82.3%
2010Buster Posey
81.7%
2015Addison Russell
81%
2004B.J. Upton
80.1%
2007Justin Upton
80%
2006Justin Upton
80%
2015Francisco Lindor
79.4%
1995Chipper Jones
78.6%
1994Chipper Jones
78.6%
1993Chipper Jones
78.6%
1992Chipper Jones
78.6%
1997Andruw Jones
78.4%
1996Andruw Jones
78.4%
2010Mike Stanton
77.8%
2014Byron Buxton
77.5%
2013Byron Buxton
77.4%
2014Kris Bryant
77.4%
2016Alex Reyes
76.8%
2016J.P. Crawford
76.1%
2005Felix Hernandez
75.7%
2003Jose Reyes
75.5%
1996Livan Hernandez
75.3%
2018Fernando Tatis Jr.
75%
2018Eloy Jimenez
75%
2008Jay Bruce
75%
2010Carlos Santana
74.9%
2016Trea Turner
74.8%
2016Yoan Moncada
74.5%
2013Xander Bogaerts
73.9%
2014Xander Bogaerts
73.8%
2015Joey Gallo
73.5%
2016Joey Gallo
73.5%
2013Jose Fernandez
73.3%
2015Julio Urias
73.2%
2016Julio Urias
73.2%
1995Alex Rodriguez
72.6%
1994Alex Rodriguez
72.6%
2008Clayton Kershaw
72.4%
1992Frank Rodriguez
72.3%
2017Austin Meadows
72.2%
1991Ivan Rodriguez
72.2%
2003Francisco Rodriguez
72.2%
2010Jesus Montero
72%
2007Brandon Wood
71.9%
2006Brandon Wood
71.9%
1998Kerry Wood
71.9%
1997Kerry Wood
71.9%
2014Carlos Correa
70.5%
2012Jurickson Profar
70.1%
2013Jurickson Profar
70.1%
2018Bo Bichette
69.4%
2018Victor Robles
69.4%
2007Delmon Young
69.4%
2006Delmon Young
69.4%
2005Delmon Young
69.4%
2004Delmon Young
69.4%
2007Alex Gordon
69.2%
2001Josh Hamilton
68.6%
2015Lucas Giolito
68.4%
2016Lucas Giolito
68.4%
2013Miguel Sano
68%
2014Miguel Sano
67.7%
2005Hanley Ramirez
67.4%
1998Aramis Ramirez
67.4%
1994Manny Ramirez
67.4%
Year Player % Correct
2013Gerrit Cole
67.4%
2001Nick Johnson
66.9%
2000Nick Johnson
66.9%
2012Shelby Miller
66.8%
2013Shelby Miller
66.8%
1995Charles Johnson
66.8%
2015Joc Pederson
66.8%
2018Nick Senzel
66.7%
2017Nick Senzel
66.7%
2006Matt Cain
65.8%
2006Justin Verlander
65.7%
2005Rickie Weeks
65.6%
2004Rickie Weeks
65.6%
2012Dylan Bundy
65.4%
2013Dylan Bundy
65.4%
2002Josh Beckett
65.4%
2001Josh Beckett
65.4%
2002Mark Prior
65.3%
2012Jesus Montero
64.5%
2010Pedro Alvarez
64.4%
2011Bryce Harper
64.3%
2004Prince Fielder
64.2%
2017Amed Rosario
63.9%
2006Stephen Drew
63.5%
1999J.D. Drew
63.5%
1996Derek Jeter
63.2%
1995Derek Jeter
63.2%
2014Javier Baez
63%
1995Alex Gonzalez
62.9%
1994Alex Gonzalez
62.9%
2012Matt Moore
62.5%
2013Oscar Taveras
62.4%
2007Philip Hughes
62.3%
2014Oscar Taveras
61.9%
2012Julio Teheran
61.8%
2008Joba Chamberlain
60.9%
2003Mark Teixeira
60.5%
2002Mark Teixeira
60.5%
2012Yu Darvish
60.4%
2011Mike Trout
59.9%
2009Brett Anderson
59.5%
2001Ryan Anderson
59.3%
2000Ryan Anderson
59.3%
1999Ryan Anderson
59.3%
2013Will Myers
59.2%
2010Desmond Jennings
59.2%
2014Gregory Polanco
58.7%
1997Vladimir Guerrero
58.6%
1996Vladimir Guerrero
58.6%
2008Colby Rasmus
58.4%
2009Colby Rasmus
58.4%
2008Clay Buchholz
58.3%
2010Neftali Feliz
58%
2009Neftali Feliz
58%
2014Archie Bradley
57.4%
2009Madison Bumgarner
56.7%
1998Travis Lee
54.9%
1997Travis Lee
54.9%
2007Homer Bailey
54.6%
2008Homer Bailey
54.6%
1992Pedro Martinez
54.6%
2016Orlando Arcia
53.9%
2014Masahiro Tanaka
53.6%
2018Forrest Whitley
52.8%
2009Tommy Hanson
52.8%
2011Jesus Montero
52.6%
2011Eric Hosmer
52.2%
2000Vernon Wells
52%
2004Grady Sizemore
51.4%
2011Domonic Brown
51.3%
2007Daisuke Matsuzaka
51.2%
2010Brian Matusz
50.8%
2004Edwin Jackson
50.2%
2011Mike Moustakas
49.2%
2006Francisco Liriano
49%
1999Eric Chavez
48.9%
1996Karim Garcia
47.4%
2017Willy Adames
47.2%
2000Rafael Furcal
46.8%
2005Scott Kazmir
46.7%
1996Paul Wilson
45.5%
2006Chad Billingsley
44.8%
2001C.C. Sabathia
44.3%
2007Andrew Miller
44.2%
2007Cameron Maybin
44.2%
2004Greg Miller
44.2%
2008Cameron Maybin
44.2%
2009Cameron Maybin
44.2%
1998Miguel Tejada
43.4%
1997Miguel Tejada
43.4%
2000Rick Ankiel
42%
1999Rick Ankiel
42%
2011Julio Teheran
42%
2011Aroldis Chapman
41.9%
Year Player % Correct
2008Franklin Morales
41.5%
1998Adrian Beltre
40.7%
2001Ben Sheets
39.6%
2002Hank Blalock
39.1%
2003Rocco Baldelli
39%
1996Ben Davis
38.7%
2011Wil Myers
38.7%
2011Jeremy Hellickson
38.6%
2005Ian Stewart
38.4%
1997Nomar Garciaparra
37.5%
2009Travis Snider
37.2%
2000Pat Burrell
36.1%
1993Brien Taylor
35.8%
1992Brien Taylor
35.8%
1997Ruben Rivera
35.3%
1996Ruben Rivera
35.3%
1995Ruben Rivera
35.3%
1994Carlos Delgado
35.1%
1993Carlos Delgado
35.1%
2004Alexis Rios
33.9%
2012Trevor Bauer
33.3%
1993Todd Van Poppel
32.8%
1992Todd Van Poppel
32.8%
1997Todd Walker
32.5%
2002Carlos Pena
31.9%
1991Todd Van Poppel
31.5%
1995Shawn Green
31.5%
2001Corey Patterson
31.2%
2000Corey Patterson
31.2%
2000John Patterson
31%
2003Gavin Floyd
30.3%
1994Cliff Floyd
30.3%
1993Cliff Floyd
30.3%
2003Hideki Matsui
29.3%
2004Kazuo Matsui
29.2%
2001Ichiro Suzuki
29%
2005Andy Marte
28.7%
2005Casey Kotchman
28.7%
2002Sean Burroughs
28.6%
2001Sean Burroughs
28.6%
2000Sean Burroughs
28.6%
1993Tim Salmon
28.3%
1995Johnny Damon
28.1%
1998Ben Grieve
27.9%
1995Ben Grieve
27.9%
2003Brandon Phillips
27.6%
1998Matt White
26.6%
1997Matt White
26.6%
1994Rondell White
26.5%
1991Mo Vaughn
26.2%
1992Ryan Klesko
24.3%
1991Ryan Klesko
24.3%
2002Juan Cruz
24.1%
2006Lastings Milledge
23.8%
2006Jeremy Hermida
23.4%
1996Darin Erstad
22%
1995Brian Hunter
21.8%
1993Tyrone Hill
21.2%
1999Brad Penny
20.9%
1998Paul Konerko
18.8%
1998Kris Benson
16.3%
1997Kris Benson
16.3%
1991Mark Lewis
15.6%
2005Joel Guzman
14.6%
1993Wil Cordero
14.6%
1992Wilfredo Cordero
14.6%
2003Jose Contreras
14.4%
1998Carl Pavano
14.3%
2002Drew Henson
14.1%
1991Reggie Sanders
13.5%
1996Alan Benes
11.7%
1999Matt Clement
10.9%
1999Michael Barrett
10.6%
1991Andujar Cedeno
9.8%
1999Bruce Chen
9.4%
2003Jesse Foppert
8.5%
2002Wilson Betemit
8.1%
1992Royce Clayton
7.9%
1991Jose Offerman
7.8%
1994Jeffrey Hammonds
7.6%
2000Ruben Mateo
6.9%
1999Ruben Mateo
6.9%
1993Jason Bere
6.7%
1992Roger Salkeld
6.1%
1991Roger Salkeld
6.1%
1999Pablo Ozuna
6%
1992Arthur Rhodes
5.7%
1991Arthur Rhodes
5.7%
2001Jon Rauch
5.3%
1994James Baldwin
5.1%
1993Allen Watson
4.6%
1994Jose Silva
3.4%

You're not logged in!

Compare scores with friends on all Sporcle quizzes.
OR
Log In

You Might Also Like...

Show Comments

Extras

Created Jul 29, 2010SourceReportNominate

Top Quizzes Today


Score Distribution

Your Account Isn't Verified!

In order to create a playlist on Sporcle, you need to verify the email address you used during registration. Go to your Sporcle Settings to finish the process.

Report this User

Report this user for behavior that violates our Community Guidelines.

Details: